Normal view
MARC view
- Reyes Saavedra, Juan
Entry Nombre Personal
001 - NUMERO DE CONTROL
- campo de control: 52110
003 - IDENTIFICADOR DE NUMERO DE CONTROL
- campo de control: MX-MxUPN
005 - FECHA Y HORA DE LA ÜLTIMA TRANSACCIÓN
- campo de control: 20240530092411.0
008 - DATOS DE LONGITUD FIJA
- campo de control de longitud fija: 240530|| aca||aabn | aaa d
040 ## - FUENTE DE CATALOGACIÓN
- Agencia original de catalogación: MX-MxUPN
- Lenguaje de catalogación: spa
- Agencia de transcripción: MX-MxUPN
100 1# - ENCABEZAMIENTO - NOMBRE PERSONAL
- Nombre personal: Reyes Saavedra, Juan
670 ## - FUENTE EN LA QUE SE LOCALIZARON DATOS
- Cita de la fuente: Un educador ejemplar D. Andrés Oscoy : su vida, su obra, 1937:
- Información localizada: portada (Juan Reyes Saavedra)
902 ## - CATALOGADOR
- Catalogador: Víctor Ruiz/300524
